“双一流”建设高校 扫雷模式 Double First-Class Constr. universities - Sudden Death - Statistics

General Stats
  • This quiz has been taken 75 times
  • The average score is 23 of 77
Answers on the Grid
Answers color-coded by a green-red scale on the quiz's grid according to % correct below.
安徽大学
北京电影学院
北京工业大学
北京化工大学
北京林业大学
北京体育大学
北京中医药大学
成都理工大学
成都中医药大学
大连工业大学
大连海事大学
东北财经大学
东北电力大学
东北林业大学
东北农业大学
东北师范大学
东华大学
对外经济贸易大学
广东工业大学
广州医科大学
广州中医药大学
哈尔滨工程大学
海军军医大学
杭州电子科技大学
合肥工业大学
河北大学
河北工业大学
河海大学
河南大学
黑龙江大学
湖南师范大学
华北电力大学
华东理工大学
华东政法大学
华南农业大学
华侨大学
华中农业大学
华中师范大学
江南大学
江苏大学
空军军医大学
辽宁大学
南昌大学
南方科技大学
南方医科大学
南京工业大学
南京林业大学
南京农业大学
南京信息工程大学
南京医科大学
南京邮电大学
南京中医药大学
宁波大学
山东财经大学
山西大学
陕西师范大学
汕头大学
上海财经大学
上海大学
上海海事大学
上海海洋大学
上海科技大学
上海理工大学
上海师范大学
上海体育学院
上海外国语大学
上海音乐学院
上海中医药大学
深圳大学
首都经济贸易大学
首都师范大学
首都医科大学
四川农业大学
苏州大学
太原理工大学
天津工业大学
天津师范大学
天津医科大学
天津中医药大学
外交学院
武汉理工大学
西安电子科技大学
西北大学
西南财经大学
西南交通大学
西南石油大学
湘潭大学
延边大学
燕山大学
扬州大学
长安大学
浙江工业大学
浙江师范大学
中国美术学院
中国人民公安大学
中国石油大学
中国药科大学
中国医科大学
中国音乐学院
中南财经政法大学
中央财经大学
中央美术学院
中央戏剧学院
中央音乐学院
重庆医科大学
 
Answer Stats
Answer % Correct
大连海事大学
50%
河海大学
50%
华中师范大学
50%
南昌大学
50%
武汉理工大学
50%
西安电子科技大学
50%
西北大学
50%
对外经济贸易大学
45%
河北工业大学
45%
湖南师范大学
45%
华东理工大学
45%
陕西师范大学
45%
上海外国语大学
45%
苏州大学
45%
延边大学
45%
东北林业大学
40%
东华大学
40%
合肥工业大学
40%
华北电力大学
40%
辽宁大学
40%
南京农业大学
40%
上海大学
40%
太原理工大学
40%
长安大学
40%
中国石油大学
40%
中南财经政法大学
40%
北京工业大学
35%
北京林业大学
35%
哈尔滨工程大学
35%
华中农业大学
35%
江南大学
35%
空军军医大学
35%
南方科技大学
35%
上海财经大学
35%
西南财经大学
35%
中央财经大学
35%
中央音乐学院
35%
安徽大学
30%
北京中医药大学
30%
东北农业大学
30%
东北师范大学
30%
海军军医大学
30%
山西大学
30%
天津医科大学
30%
外交学院
30%
西南交通大学
30%
北京体育大学
25%
河南大学
25%
华南农业大学
25%
四川农业大学
25%
西南石油大学
25%
湘潭大学
25%
中国人民公安大学
25%
中国药科大学
25%
北京化工大学
20%
宁波大学
20%
中国美术学院
20%
南京林业大学
15%
南京邮电大学
15%
上海科技大学
15%
首都师范大学
15%
天津工业大学
15%
中国音乐学院
15%
中央戏剧学院
15%
成都理工大学
10%
成都中医药大学
10%
广州医科大学
10%
广州中医药大学
10%
南京信息工程大学
10%
南京医科大学
10%
南京中医药大学
10%
上海海洋大学
10%
上海音乐学院
10%
天津中医药大学
10%
中央美术学院
10%
上海体育学院
5%
上海中医药大学
5%
No matching quizzes found
Score Distribution
Percent of People with Each Score
Percentile by Number Answered
Your Score History
You have not taken this quiz